| 000 | 07913cam a2201657 a 4500 | ||
|---|---|---|---|
| 999 | _c5744 | ||
| 001 | 8352505 | ||
| 003 | LIBRIS | ||
| 005 | 20200917143907.0 | ||
| 008 | 020113s1996 sw |||||||||||001 0|swe| | ||
| 020 |
_a9144000804 _qKORR. _c220:00 |
||
| 020 | _a9789144000800 | ||
| 020 | _z914400804 | ||
| 035 | _a(Mo)b1056601 | ||
| 040 |
_aNB _ea |
||
| 041 | _aswe | ||
| 060 | 4 | _aWW 460 | |
| 082 | 0 | 4 |
_a617.7 _222 |
| 084 |
_aVi _2kssb/6 |
||
| 084 |
_aVie _2kssb/6 |
||
| 084 |
_aVi _2kssb/8 |
||
| 084 |
_aVi _2kssb |
||
| 100 | 1 |
_aBynke, Hans G., _d1926- _0https://libris.kb.se/sq466z4b407vc97#it |
|
| 245 | 0 | 0 |
_aNeuro-oftalmologi / _cHans Bynke. |
| 250 | _a3., [rev. och utvidgade] uppl. | ||
| 264 | 1 |
_aLund : _bStudentlitteratur, _c1996 |
|
| 264 | 3 |
_aLund : _bStudentlitteratur |
|
| 300 |
_a156 s. _bill. _c23 cm |
||
| 340 | _b23 cm | ||
| 500 | _a2. [tr.], 1999 ; 3. tr., 2002 ; 4. tr., 2006 ; 5. tr., 2007 ; 7. tr., 2009 ; 8. tr., 2010 | ||
| 500 |
_5Li _aPliktex. |
||
| 500 |
_5Mo _asvenska |
||
| 500 |
_5S _aTryckningar finns |
||
| 505 | 8 | _aÖgonbottenförändringar -- Synfältsdefekter och högre visuella störningar -- Pupillrubbningar -- Ögonmuskelpareser -- Blickrörelserubbningar -- Patologisk nystagmus och nystagmoida ögonrörelser -- Huvud- och ansiktsvärk med ögonmanifestationer -- Neuro-oftalmologiska symptomkomplex | |
| 650 | 2 | _aEye diseases | |
| 650 | 2 | _aEye manifestations | |
| 650 | 2 | _aNeurologic manifestations | |
| 650 | 4 | _aNeurooftalmologi | |
| 650 | 2 | _aEye diseases | |
| 650 | 2 | _aEye manifestations | |
| 650 | 2 | _aNeurologic manifestations | |
| 650 | 2 | _acomplications | |
| 650 | 2 | _aeye diseases | |
| 650 | 2 | _aeye manifestations | |
| 650 | 2 | _anervous system diseases | |
| 650 | 4 | _aNeurooftalmologi | |
| 653 | _aNeurooftalmologi | ||
| 653 | _aOftalmologi | ||
| 653 | _aÖgat | ||
| 653 | _aNeurooftalmologi | ||
| 653 | _aMedicin | ||
| 653 | _aOftalmologi | ||
| 653 | _aÖgat | ||
| 655 | 4 |
_5Mo _aBok |
|
| 775 | 1 | _w9970015486 | |
| 887 |
_a{"@id":"h0sps5ct59l7thg","modified":"2019-06-12T17:31:56.948+02:00","checksum":"44011129513"} _2librisxl |
||
| 887 |
_a{"@id":"chnb38fj4lxtz9p","modified":"2018-06-05T18:38:44.782+02:00","checksum":"86845215194"} _2librisxl |
||
| 887 |
_a{"@id":"djpc49gk4cbrnpc","modified":"2002-03-25T11:36:11+01:00","checksum":"57860462807"} _2librisxl |
||
| 887 |
_a{"@id":"hmsg7dkn19hjqc9","modified":"2012-04-17T11:52:18+02:00","checksum":"64118490034"} _2librisxl |
||
| 887 |
_a{"@id":"jnth8flp1s08v29","modified":"2016-08-03T14:32:34+02:00","checksum":"58723237683"} _2librisxl |
||
| 887 |
_a{"@id":"kpvj9gmq4xkc56r","modified":"2004-05-14T13:24:38+02:00","checksum":"63927551090"} _2librisxl |
||
| 887 |
_a{"@id":"lqwkbhnr3nl7m8z","modified":"2018-06-05T18:38:44.795+02:00","checksum":"66031029350"} _2librisxl |
||
| 887 |
_a{"@id":"mrxlcjps1f0pj3j","modified":"2011-05-06T11:06:14+02:00","checksum":"60464796621"} _2librisxl |
||
| 887 |
_a{"@id":"qv1pgmsw3tj7n36","modified":"2020-02-26T14:09:07.305+01:00","checksum":"68974335245"} _2librisxl |
||
| 887 |
_a{"@id":"sx519nrz1mjm5hj","modified":"2015-11-10T11:17:45+01:00","checksum":"52682897278"} _2librisxl |
||
| 887 |
_a{"@id":"mrxn6vps48spjb6","modified":"2014-03-28T12:51:30+01:00","checksum":"58664587213"} _2librisxl |
||
| 887 |
_a{"@id":"9fmz3trg0wmdcmx","modified":"2011-11-17T11:55:36+01:00","checksum":"39519566785"} _2librisxl |
||
| 887 |
_a{"@id":"sx3rjpvz1grv1tf","modified":"2012-11-15T12:25:00+01:00","checksum":"64175775743"} _2librisxl |
||
| 887 |
_a{"@id":"nszmdkqt1nm44hl","modified":"2017-10-24T15:17:03+02:00","checksum":"76060715626"} _2librisxl |
||
| 887 |
_a{"@id":"w16vms023h7ll6n","modified":"2018-06-05T18:38:44.818+02:00","checksum":"58471044803"} _2librisxl |
||
| 887 |
_a{"@id":"w172jt920l48ncv","modified":"2011-04-28T15:44:44+02:00","checksum":"61369690556"} _2librisxl |
||
| 887 |
_a{"@id":"z38xpv242l1wwk3","modified":"2016-10-17T12:26:22+02:00","checksum":"66476012985"} _2librisxl |
||
| 887 |
_a{"@id":"w177p7w208mk464","modified":"2009-02-23T14:43:08+01:00","checksum":"66102660415"} _2librisxl |
||
| 887 |
_a{"@id":"15b0rx463mtt09m","modified":"2018-06-05T18:38:44.828+02:00","checksum":"69030436122"} _2librisxl |
||
| 887 |
_a{"@id":"6bh5x39c0jswk23","modified":"2018-06-05T18:38:44.846+02:00","checksum":"69980252748"} _2librisxl |
||
| 887 |
_a{"@id":"59h2r81b18lpnqq","modified":"2020-01-28T12:32:54.053+01:00","checksum":"92734295609"} _2librisxl |
||
| 887 |
_a{"@id":"z9zf6cz7w89495bc","modified":"2019-12-16T12:07:50.145+01:00","checksum":"59345179986"} _2librisxl |
||
| 887 |
_a{"@id":"26c1sz575b785fp","modified":"2012-08-13T07:51:28+02:00","checksum":"71103402441"} _2librisxl |
||
| 887 |
_a{"@id":"37d2t0682r90x1j","modified":"2008-04-10T12:51:25+02:00","checksum":"65760097819"} _2librisxl |
||
| 887 |
_a{"@id":"48f3v1790brmbvd","modified":"2018-06-05T18:38:44.841+02:00","checksum":"65222304280"} _2librisxl |
||
| 887 |
_a{"@id":"gls5nx7m4dzn79b","modified":"2012-01-18T15:32:09+01:00","checksum":"60394333840"} _2librisxl |
||
| 887 |
_a{"@id":"v061kps136j5jvd","modified":"2015-09-24T12:08:28+02:00","checksum":"59840784093"} _2librisxl |
||
| 887 |
_a{"@id":"59g4w28b2jwgm1m","modified":"2018-06-05T18:38:44.843+02:00","checksum":"56211097911"} _2librisxl |
||
| 942 |
_2z _cBOOK |
||